| Tag |
First Indicator |
Second Indicator |
Subfields |
| LEADER |
00000cam a2200000 i 4500 |
| 001 |
in00000152829 |
| 005 |
20151008080133.0 |
| 008 |
781102c19771974riu 00000 eng d |
| 010 |
|
|
|a 74075120
|
| 020 |
|
|
|a 0914278140
|
| 035 |
|
|
|a (OCoLC)04341508
|
| 035 |
|
|
|9 AAT2403AM
|
| 040 |
|
|
|a TXU
|c TXU
|d OCL
|d TXA
|d UtOrBLW
|
| 041 |
1 |
|
|a eng
|a spa
|
| 049 |
|
|
|a TXAM
|c [930529]
|
| 090 |
|
|
|a PQ6613.A763
|b A25 1977
|
| 100 |
1 |
|
|a García Lorca, Federico,
|d 1898-1936.
|
| 240 |
1 |
0 |
|a Poems.
|l English. 1977
|
| 245 |
1 |
0 |
|a Divan & other writings /
|c Federico Garcia Lorca ; new versions by Edwin Honig.
|
| 250 |
|
|
|a 1st Copper Beech ed.
|
| 264 |
|
1 |
|a Providence, R.I. :
|b Copper Beech Press,
|c 1977
|
| 264 |
|
4 |
|c ©1974
|
| 300 |
|
|
|a 98 pages ;
|c 22 cm.
|
| 336 |
|
|
|a text
|b txt
|2 rdacontent
|
| 337 |
|
|
|a unmediated
|b n
|2 rdamedia
|
| 338 |
|
|
|a volume
|b nc
|2 rdacarrier
|
| 500 |
|
|
|a Translation of Divan del Tamarit and other poems.
|
| 700 |
1 |
|
|a Honig, Edwin.
|
| 999 |
|
|
|a MARS
|
| 999 |
f |
f |
|s e57f908f-d4b3-3e00-b750-a39ca4918242
|i c87fc17b-55fb-32bd-b514-cfc1a3860b8c
|t 0
|
| 952 |
f |
f |
|p normal
|a Texas A&M University
|b College Station
|c Sterling C. Evans Library
|d Evans: Library Stacks
|t 0
|e PQ6613.A763 A25 1977
|h Library of Congress classification
|i unmediated -- volume
|m A14803815493
|
| 998 |
f |
f |
|a PQ6613.A763 A25 1977
|t 0
|l Evans: Library Stacks
|